| 000 -CABECERA |
| Campo de control de longitud fija |
00634nam a22001937a 4500 |
| 005 - FECHA Y HORA DE LA ÚLTIMA TRANSACCIÓN |
| Campo de control |
20211021104801.0 |
| 008 - CAMPO FIJO DE DESCRIPCIÓN FIJA--INFORMACIÓN GENERAL |
| Campo de control de longitud fija |
211021b ||||| |||| 00| 0 eng d |
| 020 ## - ISBN (INTERNATIONAL STANDARD BOOK NUMBER) |
| ISBN |
9788418928062 |
| 040 ## - FUENTE DE CATALOGACIÓN |
| Agencia de catalogación original |
CDMR |
| 100 ## - ENCABEZAMIENTO PRINCIPAL--NOMBRE PERSONAL |
| 9 (RLIN) |
4680 |
| Nombre de persona |
Alías, Manel |
| 245 ## - MENCIÓN DE TÍTULO |
| Título |
Rússia, l'escenari més gran del món |
| Mención de responsabilidad, etc. |
/ Manel Alías |
| 260 ## - PUBLICACIÓN, DISTRIBUCIÓN, ETC (PIE DE IMPRENTA) |
| Lugar de publicación, distribución, etc. |
Barcelona |
| Nombre del editor, distribuidor, etc. |
: Ara Llibres |
| Fecha de publicación, distribución, etc. |
, 2021 |
| 300 ## - DESCRIPCIÓN FÍSICA |
| Extensión |
457 pàgines |
| Dimensiones |
; 22 cm |
| 490 ## - MENCIÓN DE SERIE |
| Mención de serie |
Pausa |
| Número de volumen/designación secuencial |
; 10 |
| 650 #0 - ASIENTO SECUNDARIO DE MATERIA--TÉRMINO DE MATERIA |
| 9 (RLIN) |
797 |
| Nombre de materia o nombre geográfico como elemento de entrada |
Reportatges literaris |
| Subdivisión geográfica |
Rússia (Federació) |
| 650 #0 - ASIENTO SECUNDARIO DE MATERIA--TÉRMINO DE MATERIA |
| 9 (RLIN) |
4230 |
| Nombre de materia o nombre geográfico como elemento de entrada |
Rússia (Federació) |
| Subdivisión general |
Descripcions i viatges |
| 650 #0 - ASIENTO SECUNDARIO DE MATERIA--TÉRMINO DE MATERIA |
| 9 (RLIN) |
2802 |
| Nombre de materia o nombre geográfico como elemento de entrada |
Corresponsals estrangers |
| Subdivisión geográfica |
Rússia (Federació) |
| 942 ## - ELEMENTOS KOHA |
| Fuente de clasificación o esquema de ordenación en estanterías |
|
| Koha tipo de item |
Monografies |